[Event "III C.to Italiano Universitario a squadre"]
[Site "Asiago ITA"]
[Date "1995.08.??"]
[Round "4"]
[White "Malloni, Marcello"]
[Black "Bednarich, Jan"]
[Result "1-0"]
[WhiteElo "2195"]
[BlackElo "1935"]
[PlyCount "65"]
[EventDate "1995.08.31"]

1. e4 c5 2. f4 Nc6 3. Nf3 g6 4. Bb5 Bg7 5. Bxc6 bxc6 6. d3 d6 7. O-O Nf6 8. Nc3
O-O 9. Qe1 Rb8 10. Rb1 Qb6 11. Kh1 Ba6 12. b3 Qc7 13. Bd2 Qd7 14. h3 Ne8 15.
Qh4 f5 16. e5 Nc7 17. Rfe1 h6 18. Qg3 Qe6 19. exd6 Qxd6 20. Re2 Rbe8 21. Rbe1
Bc8 22. Ne5 Kh7 23. Nc4 Qf6 24. Na4 Ne6 25. Bc3 Nd4 26. Bxd4 cxd4 27. Nc5 g5
28. Ne6 gxf4 29. Nxf8+ Bxf8 30. Qxf4 h5 31. Nd6 Rd8 32. Nxc8 Rxc8 33. Re6 1-0

[Event "III C.to Italiano Universitario a squadre"]
[Site "Asiago ITA"]
[Date "1995.08.??"]
[Round "4"]
[White "Mazzei, Alessandro"]
[Black "Trangoni, Bruno"]
[Result "0-1"]
[WhiteElo "1938"]
[BlackElo "1782"]
[PlyCount "51"]
[EventDate "1995.08.31"]

1. d4 f5 2. Nf3 Nf6 3. g3 g6 4. Bg2 Bg7 5. c4 O-O 6. Nc3 d6 7. d5 c6 8. O-O e5
9. dxe6 Bxe6 10. Nd2 Na6 11. Rb1 Qc7 12. b4 Ng4 13. Qc2 Ne5 14. Nd1 Rac8 15. c5
dxc5 16. bxc5 Nd7 17. Nc4 Ndxc5 18. Bf4 Qd7 19. Nde3 Bxc4 20. Nxc4 Rcd8 21.
Rfd1 Qe6 22. Rxd8 Rxd8 23. Na5 Rd7 24. Be3 Bf8 25. h3 Kf7 26. Bf3 0-1

[Event "III C.to Italiano Universitario a squadre"]
[Site "Asiago ITA"]
[Date "1995.08.??"]
[Round "4"]
[White "Redo, Nicola"]
[Black "Auletta, Angelo"]
[Result "0-1"]
[WhiteElo "2190"]
[BlackElo "2230"]
[PlyCount "93"]
[EventDate "1995.08.31"]

1. Nf3 Nf6 2. g3 g6 3. Bg2 Bg7 4. d4 O-O 5. c4 d6 6. Nc3 Nbd7 7. O-O e5 8. h3
Re8 9. e4 c6 10. Re1 exd4 11. Nxd4 Qb6 12. Nb3 Ne5 13. c5 dxc5 14. Be3 Nfd7 15.
Na4 Qc7 16. Nbxc5 Nxc5 17. Bxc5 Rd8 18. Qc2 b5 19. Nc3 Nd3 20. Be3 Nxe1 21.
Rxe1 Qa5 22. Rc1 Be6 23. Bg5 f6 24. Bd2 Qa6 25. b3 Rd7 26. Be3 Rad8 27. Ne2 Bf7
28. h4 Rd6 29. h5 g5 30. g4 Qc8 31. e5 Rd3 32. Bf3 Bd5 33. Bxd5+ R8xd5 34. Qxc6
Qxg4+ 35. Ng3 Rxe5 36. Qa8+ Kf7 37. Rc7+ Re7 38. Rxe7+ Kxe7 39. Qxa7+ Rd7 40.
Qc5+ Kf7 41. Qxb5 Bf8 42. Kg2 Bd6 43. Qd3 Bxg3 44. Qxh7+ Ke6 45. Qg8+ Kf5 46.
Qg6+ Ke5 47. Qe8+ 0-1

[Event "III C.to Italiano Universitario a squadre"]
[Site "Asiago ITA"]
[Date "1995.08.??"]
[Round "4"]
[White "Stradiotti, Alessandro"]
[Black "Fontana, Enrico"]
[Result "1-0"]
[WhiteElo "1774"]
[BlackElo "1806"]
[PlyCount "61"]
[EventDate "1995.08.31"]

1. e4 c5 2. Nf3 e6 3. d3 Nc6 4. g3 Nf6 5. Bg2 d5 6. Nbd2 Be7 7. O-O b6 8. Re1
O-O 9. e5 Nd7 10. Nf1 Bb7 11. h4 Qc7 12. Bf4 Nd4 13. N1h2 Rac8 14. h5 Nxf3+ 15.
Qxf3 Qc6 16. Qg4 Rfe8 17. Bh6 g6 18. hxg6 hxg6 19. Re2 Qb5 20. c4 Qb4 21. Rae1
Ba8 22. Bd2 Qxb2 23. cxd5 Qxa2 24. Bg5 Qb3 25. Bxe7 Rxe7 26. Qh4 Ree8 27. Ng4
Qc3 28. Nf6+ Nxf6 29. exf6 Qd4 30. Re4 Qc3 31. Re5 1-0

[Event "III C.to Italiano Universitario a squadre"]
[Site "Asiago ITA"]
[Date "1995.08.??"]
[Round "4"]
[White "Zorat, Paolo"]
[Black "Carotenuto, Ennio"]
[Result "1-0"]
[WhiteElo "1900"]
[BlackElo "1913"]
[PlyCount "59"]
[EventDate "1995.08.31"]

1. d4 Nf6 2. c4 c5 3. d5 b5 4. Qc2 bxc4 5. e4 d6 6. Bxc4 g6 7. Bd2 Bg7 8. Bc3
O-O 9. Nf3 Nbd7 10. O-O Nb6 11. Be2 e6 12. dxe6 Bxe6 13. Rd1 Qe7 14. e5 dxe5
15. Bxe5 Nbd5 16. Nc3 Rfd8 17. Nxd5 Rxd5 18. Bc4 Bf5 19. Qe2 Rxd1+ 20. Rxd1 Re8
21. h3 Bd7 22. Qd3 Bc6 23. Bd6 Qe4 24. Bxf7+ Kxf7 25. Ng5+ Kg8 26. Nxe4 Nxe4
27. Qc4+ Kh8 28. Bxc5 Nxc5 29. Qxc5 Be4 30. Re1 1-0

[Event "III C.to Italiano Universitario a squadre"]
[Site "Asiago ITA"]
[Date "1995.08.??"]
[Round "5"]
[White "Arito, Luigi"]
[Black "Berra, Davide"]
[Result "0-1"]
[WhiteElo "1642"]
[BlackElo "1986"]
[PlyCount "118"]
[EventDate "1995.08.31"]

1. d4 e6 2. c4 f5 3. g3 Nf6 4. Bg2 d5 5. Nc3 c6 6. Bf4 Be7 7. Nf3 O-O 8. O-O
Nbd7 9. Re1 Nh5 10. Ne5 Nxf4 11. gxf4 Nf6 12. e3 Bd7 13. cxd5 exd5 14. Rc1 Bd6
15. Ne2 Qe7 16. a3 Be6 17. b4 a5 18. bxa5 Bxa3 19. Rb1 Bb4 20. Rf1 Rxa5 21. Qb3
Rb5 22. Nc3 Bxc3 23. Qxc3 Rxb1 24. Rxb1 Ne4 25. Bxe4 fxe4 26. Qb4 Qxb4 27. Rxb4
Bc8 28. Kg2 g6 29. f3 exf3+ 30. Kxf3 Kg7 31. Ra4 Kf6 32. Ra7 Ke6 33. h4 Kd6 34.
Nd3 Kc7 35. Ne5 Rf6 36. Ra8 b6 37. Ra7+ Bb7 38. Kg4 Rf5 39. Nd3 Kb8 40. Ra1 Bc8
41. Kg3 Rf6 42. Rb1 Kc7 43. Ra1 Bf5 44. Ne5 Kb7 45. Nf3 c5 46. dxc5 bxc5 47.
Rc1 c4 48. Nd4 Be4 49. Kg4 Ra6 50. Kg5 Ra3 51. Nb5 Rxe3 52. Nd6+ Kc6 53. Nxe4
Rxe4 54. Kh6 Rxf4 55. Kg7 Rxh4 56. Kf6 Rf4+ 57. Kg5 Rf2 58. Kg4 Kc5 59. Kg3 Rf7
0-1

[Event "III C.to Italiano Universitario a squadre"]
[Site "Asiago ITA"]
[Date "1995.08.??"]
[Round "5"]
[White "Auletta, Angelo"]
[Black "Bednarich, Jan"]
[Result "0-1"]
[WhiteElo "2230"]
[BlackElo "1935"]
[PlyCount "81"]
[EventDate "1995.08.31"]

1. e4 c5 2. Nf3 e6 3. d3 Nc6 4. Nbd2 d6 5. g3 g6 6. Bg2 Bg7 7. O-O Nge7 8. a4
O-O 9. Re1 b6 10. Nc4 Rb8 11. Be3 Bb7 12. d4 d5 13. exd5 Qxd5 14. Nfe5 Qxg2+
15. Kxg2 Nxe5+ 16. Kg1 Nxc4 17. b3 Nxe3 18. fxe3 cxd4 19. exd4 Nf5 20. c3 Rbc8
21. g4 Nh4 22. Re3 Ng2 23. Rg3 Nf4 24. h4 e5 25. Qd2 Rfd8 26. Rf1 Ne6 27. Qf2
Rc7 28. dxe5 Bxe5 29. Re3 Bg7 30. g5 Rcd7 31. b4 Kh8 32. Rfe1 a5 33. h5 Rd5 34.
Qxf7 Rxg5+ 35. Kh2 Rg2+ 36. Kh1 Bd5 37. c4 Rf2+ 38. cxd5 Rxf7 39. dxe6 Re7 40.
bxa5 bxa5 41. hxg6 {...} 0-1

[Event "III C.to Italiano Universitario a squadre"]
[Site "Asiago ITA"]
[Date "1995.08.??"]
[Round "5"]
[White "Boscolo, Fabio"]
[Black "Brunato, Davide"]
[Result "1-0"]
[WhiteElo "1714"]
[BlackElo "1600"]
[PlyCount "53"]
[EventDate "1995.08.31"]

1. Nf3 Nf6 2. g3 g6 3. Bg2 Bg7 4. O-O O-O 5. c4 c5 6. Nc3 Nc6 7. d4 cxd4 8.
Nxd4 Nxd4 9. Qxd4 d6 10. Qh4 Re8 11. Bh6 Bh8 12. Rac1 a6 13. Bg5 Rb8 14. Rfd1
Qa5 15. a3 b5 16. Bc6 Rd8 17. Nd5 Nxd5 18. cxd5 f6 19. Bh6 Bg7 20. Bxg7 Kxg7
21. Rd3 Bb7 22. Qe4 Kf8 23. b4 Qc7 24. Rdc3 Bxc6 25. Rxc6 Qa7 26. Rc7 Rb7 27.
Qxe7+ 1-0

[Event "III C.to Italiano Universitario a squadre"]
[Site "Asiago ITA"]
[Date "1995.08.??"]
[Round "5"]
[White "Campanile, Roberto"]
[Black "Bianchi, Albino"]
[Result "1-0"]
[WhiteElo "1944"]
[BlackElo "2225"]
[PlyCount "107"]
[EventDate "1995.08.31"]

1. d4 d5 2. c4 e6 3. Nc3 Be7 4. Nf3 Nf6 5. Bg5 h6 6. Bh4 O-O 7. e3 b6 8. Bxf6
Bxf6 9. cxd5 exd5 10. Be2 c5 11. O-O Nc6 12. Qd2 cxd4 13. Nxd4 Nxd4 14. exd4
Bb7 15. Rfe1 Re8 16. Bb5 Rxe1+ 17. Rxe1 Qd6 18. g3 Bc6 19. Bf1 Qb4 20. Rd1 Re8
21. Nxd5 Qxd2 22. Nxf6+ gxf6 23. Rxd2 Re1 24. f4 Bb5 25. Rf2 Rd1 26. Kg2 Bxf1+
27. Rxf1 Rxd4 28. Rf2 f5 29. Kh3 Kg7 30. Kh4 Kg6 31. h3 Rb4 32. b3 a5 33. Rf3
a4 34. bxa4 Rxa4 35. a3 b5 36. Rb3 f6 37. Rxb5 Rxa3 38. g4 fxg4 39. f5+ Kg7 40.
Rb7+ Kg8 41. hxg4 Ra1 42. Kh5 Rg1 43. Kg6 Rxg4+ 44. Kxf6 Rg1 45. Rb8+ Kh7 46.
Ke6 Re1+ 47. Kf7 Rf1 48. f6 h5 49. Ke7 Re1+ 50. Kf8 Kg6 51. f7 Rf1 52. Rb6+ Kg5
53. Kg7 h4 54. Rg6+ 1-0

[Event "III C.to Italiano Universitario a squadre"]
[Site "Asiago ITA"]
[Date "1995.08.??"]
[Round "5"]
[White "Cazzola, Paolo"]
[Black "Foroni, Francesco"]
[Result "0-1"]
[WhiteElo "1543"]
[BlackElo "1730"]
[PlyCount "99"]
[EventDate "1995.08.31"]

1. e4 Nc6 2. Nf3 e6 3. d4 d5 4. exd5 exd5 5. Be2 Bd6 6. O-O Nge7 7. c3 O-O 8.
Bg5 Re8 9. Nbd2 Bg4 10. h3 Bh5 11. Re1 Qd7 12. Bd3 Bg6 13. Qc2 Bxd3 14. Qxd3
Ng6 15. Nh4 Nxh4 16. Bxh4 Ne7 17. Bxe7 Rxe7 18. Nf3 Rae8 19. Rxe7 Qxe7 20. Kf1
c6 21. Re1 Qd7 22. Rxe8+ Qxe8 23. Qe2 Qe4 24. Qxe4 dxe4 25. Nd2 f5 26. Nc4 Bc7
27. a4 Kf7 28. Ke2 Ke6 29. f3 exf3+ 30. Kxf3 g5 31. b3 h5 32. Nb2 g4+ 33. hxg4
hxg4+ 34. Kf2 Kd5 35. Nd3 Bd6 36. Ke3 Ke6 37. Nc5+ Bxc5 38. dxc5 Ke5 39. g3 Kd5
40. Kf4 Ke6 41. b4 Kf6 42. c4 a6 43. a5 Ke6 44. b5 Kf6 45. b6 Ke6 46. Ke3 Ke5
47. Kf2 Kd4 48. Ke2 Ke4 49. Kf2 Kd3 50. Ke1 0-1

[Event "III C.to Italiano Universitario a squadre"]
[Site "Asiago ITA"]
[Date "1995.08.??"]
[Round "5"]
[White "Cesaro, Giuliano"]
[Black "Capitelli, Paolo"]
[Result "0-1"]
[WhiteElo "1884"]
[BlackElo "1890"]
[PlyCount "103"]
[EventDate "1995.08.31"]

1. d4 Nf6 2. Nf3 g6 3. c4 Bg7 4. Nc3 d6 5. e4 O-O 6. Be2 e5 7. O-O Nc6 8. d5
Ne7 9. Ne1 Nd7 10. b4 f5 11. Nd3 Nf6 12. f3 f4 13. c5 g5 14. a4 h5 15. Nf2 Rf7
16. Nb5 Kh8 17. Qc2 Neg8 18. Ra3 a6 19. Nc3 g4 20. cxd6 cxd6 21. Ncd1 g3 22.
hxg3 fxg3 23. Nh3 Rc7 24. Rc3 Rxc3 25. Qxc3 Nh7 26. Be3 Qh4 27. Ndf2 gxf2+ 28.
Bxf2 Qd8 29. Rc1 Bd7 30. Qb3 Rc8 31. Rxc8 Qxc8 32. Kh2 Bxh3 33. gxh3 Bh6 34.
Bg3 Ng5 35. Bf1 Qc1 36. Bg2 Nf7 37. b5 a5 38. b6 Be3 39. h4 Qc5 40. Bh3 Qxb6
41. Qxb6 Bxb6 42. Bc8 Nd8 43. Be1 Ne7 44. Bd7 Kg7 45. Bd2 Ng6 46. Kg3 Nf4 47.
Bxf4 exf4+ 48. Kxf4 Kf6 49. Be8 Nf7 50. Bxf7 Kxf7 51. Kg5 Be3+ 52. Kxh5 0-1

[Event "III C.to Italiano Universitario a squadre"]
[Site "Asiago ITA"]
[Date "1995.08.??"]
[Round "5"]
[White "Falcomata', Gesualdo"]
[Black "Del Regno, Aurelio"]
[Result "0-1"]
[WhiteElo "1810"]
[BlackElo "1615"]
[PlyCount "76"]
[EventDate "1995.08.31"]

1. c4 Nf6 2. Nf3 g6 3. g3 c5 4. Bg2 Bg7 5. Nc3 Nc6 6. d4 cxd4 7. Nxd4 Nxd4 8.
Qxd4 O-O 9. O-O d6 10. Qd2 a6 11. a4 Qc7 12. b3 d5 13. Ba3 dxc4 14. bxc4 Rd8
15. Qf4 Qxf4 16. gxf4 e6 17. Rad1 Bd7 18. Bxb7 Ra7 19. Bf3 Rc8 20. Bd6 Ne8 21.
Be5 Bxe5 22. fxe5 Rxc4 23. Ne4 Kg7 24. a5 Ba4 25. Rc1 Rac7 26. Rxc4 Rxc4 27.
Rb1 Bc2 28. Rc1 Rxe4 29. Rxc2 Rxe5 30. Rc8 Nf6 31. Ra8 Rxa5 32. Bb7 Ra1+ 33.
Kg2 a5 34. Bc6 h5 35. Ra7 Rc1 36. Bb5 Rc5 37. Ba4 Nd5 38. Be8 38... Nc7 {...}
0-1

[Event "III C.to Italiano Universitario a squadre"]
[Site "Asiago ITA"]
[Date "1995.08.??"]
[Round "5"]
[White "Fontana, Enrico"]
[Black "Boscolo, Max"]
[Result "1-0"]
[WhiteElo "1806"]
[BlackElo "1876"]
[PlyCount "110"]
[EventDate "1995.08.31"]

1. e4 c6 2. d4 d5 3. Nc3 g6 4. Nf3 Bg7 5. Be2 Nh6 6. O-O dxe4 7. Nxe4 Bg4 8. c3
Bxf3 9. Bxf3 Nf5 10. Bf4 Nd7 11. Re1 O-O 12. Ng3 Nxg3 13. Bxg3 e6 14. Qb3 Qb6
15. h4 h5 16. Re2 Rfd8 17. Qc2 Nf6 18. Be5 Rd7 19. Rae1 Rad8 20. Qc1 Re8 21.
Qg5 Qd8 22. Qg3 Kh7 23. Be4 Nxe4 24. Rxe4 Bxe5 25. Rxe5 Qf6 26. R1e4 Red8 27.
Rf4 Qg7 28. Qf3 Kg8 29. Rfe4 Rd5 30. Qf4 R5d6 31. Re3 Kh8 32. Rg3 Qh7 33. Qf6+
Kg8 34. Rxe6 R6d7 35. Re5 Qh6 36. Rge3 Kh7 37. Re7 Qg7 38. Qf4 a6 39. R3e5 Kg8
40. a4 Kh7 41. Kf1 Kg8 42. Re8+ Rxe8 43. Rxe8+ Kh7 44. Qe5 Qxe5 45. Rxe5 Kg7
46. Ke2 Kf6 47. a5 Rc7 48. Kd3 Rd7 49. Kc4 Rc7 50. Kc5 Rd7 51. b4 Kg7 52. d5 f6
53. dxc6 Rc7 54. Re6 Kf7 55. Rd6 Ke7 1-0

[Event "III C.to Italiano Universitario a squadre"]
[Site "Asiago ITA"]
[Date "1995.08.??"]
[Round "5"]
[White "Mascellani, Marco"]
[Black "Malloni, Marcello"]
[Result "0-1"]
[WhiteElo "1881"]
[BlackElo "2195"]
[PlyCount "82"]
[EventDate "1995.08.31"]

1. e4 e6 2. d4 d5 3. Nc3 Nf6 4. e5 Nfd7 5. Nf3 c5 6. dxc5 Nc6 7. Bb5 Bxc5 8.
O-O O-O 9. Bf4 f6 10. exf6 Nxf6 11. Qd2 Bd7 12. Be3 Bd6 13. Bd3 Kh8 14. Rad1 a6
15. Nd4 Nxd4 16. Bxd4 e5 17. Be3 Bc6 18. Bg5 Qc7 19. Kh1 Rad8 20. f3 Qf7 21.
Qf2 Qh5 22. Bxf6 Rxf6 23. Be2 Qf7 24. Nb1 Bb8 25. Nd2 Re8 26. Qh4 Rh6 27. Qg3
e4 28. f4 Rf6 29. Nb3 Rxf4 30. Rxf4 Qxf4 31. Nd4 Qxg3 32. hxg3 Bd7 33. Nb3 Bxg3
34. Rxd5 Bc6 35. Rg5 Bh4 36. Rg4 Bf6 37. c3 Bd5 38. Nc1 g6 39. Kg1 Kg7 40. Kf1
Rf8 41. Ke1 h5 0-1

[Event "III C.to Italiano Universitario a squadre"]
[Site "Asiago ITA"]
[Date "1995.08.??"]
[Round "5"]
[White "Messina, Enrico"]
[Black "Visintin, Roberto"]
[Result "0-1"]
[WhiteElo "2018"]
[BlackElo "1600"]
[PlyCount "118"]
[EventDate "1995.08.31"]

1. e4 Nf6 2. d3 e5 3. f4 Nc6 4. Nf3 d5 5. exd5 Nxd5 6. Nxe5 Nxe5 7. fxe5 Bc5 8.
Qf3 O-O 9. c3 f6 10. e6 Bxe6 11. d4 Bb6 12. Bd3 f5 13. O-O c5 14. c4 Nb4 15. d5
Bxd5 16. cxd5 Nxd3 17. Nc3 c4+ 18. Kh1 Qh4 19. g3 Qd4 20. Ne2 Qe5 21. Bd2 Rae8
22. Nc3 Qd4 23. Bf4 Nxb2 24. Nb5 Qe4 25. Nd6 Qxf3+ 26. Rxf3 Rd8 27. Rb1 Bd4 28.
Nb5 Bf6 29. Nc3 Nd3 30. Bd2 Rd7 31. Rxf5 a6 32. a4 Bd4 33. Rxf8+ Kxf8 34. Ne4
Rxd5 35. Rxb7 Nf2+ 36. Nxf2 Bxf2 37. Bb4+ Bc5 38. Bc3 Bd4 39. Bxd4 Rxd4 40. Rc7
c3 41. Rxc3 Rxa4 42. Kg2 Ra2+ 43. Kf3 Kf7 44. Kg4 Rxh2 45. Rc7+ Kf8 46. Rc8+
Ke7 47. Rc7+ Kd6 48. Rxg7 Kc5 49. Kg5 a5 50. Ra7 Kb4 51. Rb7+ Ka3 52. g4 a4 53.
Kf6 Ka2 54. g5 a3 55. Kg7 Ka1 56. Rb6 a2 57. Rb7 Rb2 58. Ra7 Rb5 59. Rc7 59...
Rxg5+ {...} 0-1

[Event "III C.to Italiano Universitario a squadre"]
[Site "Asiago ITA"]
[Date "1995.08.??"]
[Round "5"]
[White "Mimmo, Giuseppe"]
[Black "Trangoni, Bruno"]
[Result "1-0"]
[WhiteElo "1710"]
[BlackElo "1782"]
[PlyCount "67"]
[EventDate "1995.08.31"]

1. d4 f5 2. Nf3 g6 3. c3 Bg7 4. Qc2 Nf6 5. Bf4 d5 6. Nbd2 Nc6 7. e3 a6 8. a4
O-O 9. Bd3 Bd7 10. O-O e6 11. Ne5 Be8 12. Ndf3 Ne4 13. b4 Na7 14. c4 c6 15.
Rfb1 g5 16. Bxe4 gxf4 17. Bd3 fxe3 18. fxe3 Bh6 19. Qe2 b5 20. axb5 axb5 21. c5
Qc7 22. Ra6 Rd8 23. Rba1 Nc8 24. g3 Kh8 25. Kf2 Rg8 26. Qf1 Bf8 27. Qh3 Qb7 28.
Qh4 Be7 29. Qh6 Bg6 30. Nxc6 Rde8 31. Nfe5 Bf8 32. Qf4 Rg7 33. Ra8 Rc7 34. Rb8
1-0

[Event "III C.to Italiano Universitario a squadre"]
[Site "Asiago ITA"]
[Date "1995.08.??"]
[Round "5"]
[White "Redo, Nicola"]
[Black "Bellomo, Francesco"]
[Result "0-1"]
[WhiteElo "2190"]
[BlackElo "2360"]
[PlyCount "65"]
[EventDate "1995.08.31"]

1. Nf3 Nf6 2. g3 b6 3. Bg2 Bb7 4. d3 d5 5. Nbd2 Nbd7 6. O-O e6 7. e4 dxe4 8.
Ng5 Qc8 9. Ndxe4 c6 10. Nxf6+ Nxf6 11. Ne4 Be7 12. c3 O-O 13. Qe2 Rd8 14. Be3
c5 15. Rfd1 Bc6 16. Rd2 Qb7 17. Nxf6+ Bxf6 18. Bxc6 Qxc6 19. Rad1 Rd7 20. Qg4
Kf8 21. Qe4 Rc8 22. Qxc6 Rxc6 23. d4 c4 24. d5 exd5 25. Rxd5 Rxd5 26. Rxd5 Ke7
27. g4 Ke6 28. Rd2 Rd6 29. Rxd6+ Kxd6 30. Kf1 Kd5 31. Ke2 Bg5 32. f4 Bf6 33.
Kf3 {...} 0-1

[Event "III C.to Italiano Universitario a squadre"]
[Site "Asiago ITA"]
[Date "1995.08.??"]
[Round "5"]
[White "Stavru, Alessandro"]
[Black "Stradiotti, Alessandro"]
[Result "1/2-1/2"]
[WhiteElo "2230"]
[BlackElo "1774"]
[PlyCount "27"]
[EventDate "1995.08.31"]

1. e4 g6 2. d4 Bg7 3. Nf3 d6 4. Nc3 c6 5. a4 a5 6. Be2 Nf6 7. O-O O-O 8. Be3
Ng4 9. Bg5 h6 10. Bh4 Qc7 11. Nd2 Nf6 12. Bg3 e5 13. Nc4 Rd8 14. dxe5 1/2-1/2

[Event "III C.to Italiano Universitario a squadre"]
[Site "Asiago ITA"]
[Date "1995.08.??"]
[Round "5"]
[White "Vita, Fabrizio"]
[Black "Marrara, Francesco"]
[Result "1/2-1/2"]
[WhiteElo "1803"]
[BlackElo "1772"]
[PlyCount "90"]
[EventDate "1995.08.31"]

1. c4 Nf6 2. Nc3 e6 3. Nf3 d5 4. d4 Be7 5. g3 O-O 6. Bg2 b6 7. O-O Bb7 8. cxd5
Nxd5 9. Nxd5 Bxd5 10. b3 Nd7 11. Bb2 Nf6 12. e3 Qc8 13. Ne5 Bxg2 14. Kxg2 Qb7+
15. Qf3 Nd5 16. Rac1 c5 17. Rfd1 cxd4 18. Bxd4 f6 19. Nc4 Rfd8 20. Kg1 Qa6 21.
e4 Nb4 22. a4 Qb7 23. Qe2 e5 24. Bb2 Na6 25. Ne3 Nc5 26. f3 Kh8 27. Qc4 Rxd1+
28. Rxd1 Rd8 29. Rxd8+ Bxd8 30. Nd5 Qa6 31. Qxa6 Nxa6 32. Ba3 Kg8 33. Kf2 Kf7
34. Ke3 Ke6 35. Kd3 Nb8 36. b4 a6 37. b5 axb5 38. axb5 Nd7 39. Bb4 g6 40. g4 f5
41. gxf5+ gxf5 42. h3 h5 43. Kc4 f4 44. Ba3 Kf7 45. Bb4 Ke6 1/2-1/2

[Event "III C.to Italiano Universitario a squadre"]
[Site "Asiago ITA"]
[Date "1995.08.??"]
[Round "5"]
[White "Zorat, Paolo"]
[Black "Mazzei, Alessandro"]
[Result "1-0"]
[WhiteElo "1900"]
[BlackElo "1938"]
[PlyCount "101"]
[EventDate "1995.08.31"]

1. d4 Nf6 2. c4 g6 3. Nc3 Bg7 4. e4 d6 5. Be2 O-O 6. Bg5 Nbd7 7. Qd2 e5 8. d5
a5 9. Bf3 Nc5 10. Nge2 c6 11. dxc6 bxc6 12. O-O Qc7 13. Rfd1 Ne8 14. g3 Be6 15.
b3 Rb8 16. Be3 Nd7 17. Rac1 f5 18. Bg2 Nc5 19. Kh1 Nxe4 20. Nxe4 fxe4 21. Bxe4
Rd8 22. Bg2 Nf6 23. h3 a4 24. Kh2 axb3 25. axb3 d5 26. cxd5 Bxd5 27. Qc2 Qf7
28. Bxd5 cxd5 29. Bc5 Ne4 30. Rf1 Nxc5 31. Qxc5 d4 32. b4 Qa2 33. Rc2 Qd5 34.
Rd2 Qxc5 35. bxc5 Rc8 36. f4 Rxc5 37. Kg2 exf4 38. Nxf4 Re8 39. Ne2 Rd5 40. Nf4
Rb5 41. Ne2 Rd8 42. Rfd1 Rbd5 43. Nf4 R5d6 44. h4 Bh6 45. Kf3 g5 46. hxg5 Bxg5
47. Kg4 Bh6 48. Rd3 Bxf4 49. gxf4 Kg7 50. f5 Kf6 51. Rh1 {...} 1-0

[Event "VI Festival Angelo Palmiotto Magistrale"]
[Site "Bologna ITA"]
[Date "1995.01.??"]
[Round "?"]
[White "Astengo, Marcello"]
[Black "Vancini, Edoardo"]
[Result "0-1"]
[WhiteElo "2085"]
[BlackElo "2300"]
[PlyCount "42"]
[EventDate "1995.01.07"]

1. d4 f5 2. e4 fxe4 3. Nc3 Nf6 4. Bg5 Nc6 5. d5 Ne5 6. Qd4 Nf7 7. h4 g6 8. Nxe4
Bg7 9. Nf3 c6 10. d6 Nxe4 11. Qxg7 Qa5+ 12. c3 Nexd6 13. Bd3 b6 14. O-O-O Ba6
15. Bxg6 hxg6 16. Rxd6 Qxa2 17. Re1 O-O-O 18. Rxg6 Bd3 19. Rxe7 Qb1+ 20. Kd2
Bxg6 21. Rxf7 Rh7 0-1

[Event "VI Festival Angelo Palmiotto Magistrale"]
[Site "Bologna ITA"]
[Date "1995.01.??"]
[Round "?"]
[White "Cirabisi, Federico"]
[Black "Casadei, Mauro"]
[Result "1-0"]
[WhiteElo "2220"]
[BlackElo "2205"]
[PlyCount "49"]
[EventDate "1995.01.07"]

1. d4 g6 2. Nf3 Bg7 3. c3 d5 4. Bg5 Nf6 5. Nbd2 O-O 6. h3 c5 7. e3 Qb6 8. b3
Nc6 9. Be2 Re8 10. Bf4 Nd7 11. O-O Rd8 12. a4 a5 13. Bb5 f6 14. c4 Na7 15. Bxd7
Rxd7 16. cxd5 Rxd5 17. e4 Rd7 18. d5 Qd8 19. Qc2 b6 20. Rad1 Qe8 21. Nc4 Ba6
22. Nxb6 Bxf1 23. Rxf1 Rb7 24. Nxa8 Qxa8 25. Qxc5 1-0

[Event "VI Festival Angelo Palmiotto Magistrale"]
[Site "Bologna ITA"]
[Date "1995.01.??"]
[Round "?"]
[White "Cirabisi, Federico"]
[Black "Cimmino, Pietro"]
[Result "1-0"]
[WhiteElo "2220"]
[BlackElo "2073"]
[PlyCount "35"]
[EventDate "1995.01.07"]

1. d4 d5 2. e3 Nd7 3. f4 Ngf6 4. Nd2 g6 5. Bd3 Bg7 6. c3 b6 7. Nh3 Bb7 8. Nf2
O-O 9. g4 c5 10. g5 Ne8 11. h4 f6 12. h5 fxg5 13. hxg6 gxf4 14. Nf3 fxe3 15.
gxh7+ Kh8 16. Bxe3 e5 17. Nh4 Rf6 18. Bg5 1-0

[Event "VI Festival Angelo Palmiotto Magistrale"]
[Site "Bologna ITA"]
[Date "1995.01.??"]
[Round "?"]
[White "Lagrotteria, Salvatore"]
[Black "Aldrovandi, Costantino"]
[Result "0-1"]
[WhiteElo "2180"]
[BlackElo "1987"]
[PlyCount "94"]
[EventDate "1995.01.07"]

1. Nf3 Nf6 2. g3 g6 3. Bg2 Bg7 4. O-O O-O 5. d3 d6 6. e4 e5 7. Nbd2 h6 8. c3
Nbd7 9. b4 a5 10. bxa5 Rxa5 11. Bb2 Nb6 12. Qc2 Be6 13. c4 Na4 14. Nb3 Ra6 15.
Bc1 c5 16. Bd2 Qa8 17. Rfb1 Rb8 18. Nc1 Ne8 19. Rb3 Nc7 20. Rab1 Kh7 21. Nh4
Bf6 22. f4 exf4 23. Bxf4 Bd4+ 24. Kh1 g5 25. Bxd6 Rxd6 26. e5 Rb6 27. Nf3 Rxb3
28. Nxb3 Nc3 29. Ra1 Qa7 30. Nfxd4 cxd4 31. Qf2 Rd8 32. Bh3 Rd7 33. Bf5+ Kg8
34. c5 Qa4 35. c6 Qxc6+ 36. Kg1 Ne2+ 37. Qxe2 Bxf5 38. Rc1 Qg6 39. Nc5 Re7 40.
g4 Be6 41. Nxb7 Nd5 42. Nd6 Nf4 43. Qf3 Bd5 44. Rc8+ Kh7 45. Ne4 Bxe4 46. dxe4
d3 47. Qe3 Rxe5 0-1

[Event "VI Festival Angelo Palmiotto Magistrale"]
[Site "Bologna ITA"]
[Date "1995.01.??"]
[Round "?"]
[White "Mola, Pietro"]
[Black "Cimmino, Pietro"]
[Result "1-0"]
[WhiteElo "2165"]
[BlackElo "2073"]
[PlyCount "25"]
[EventDate "1995.01.07"]

1. e4 c5 2. Nf3 Nc6 3. Bb5 d6 4. O-O Bd7 5. Re1 e6 6. c3 Nf6 7. d4 d5 8. exd5
Nxd5 9. c4 Nc7 10. d5 Na5 11. Bxd7+ Qxd7 12. Ne5 Qd8 13. Qa4+ 1-0

[Event "VI Festival Angelo Palmiotto Magistrale"]
[Site "Bologna ITA"]
[Date "1995.01.??"]
[Round "?"]
[White "Nurkic, Sahbaz"]
[Black "Ferrario, Raffaele"]
[Result "1-0"]
[WhiteElo "2450"]
[BlackElo "1911"]
[PlyCount "31"]
[EventDate "1995.01.07"]

1. e4 c5 2. Nf3 e6 3. d4 cxd4 4. Nxd4 d6 5. Nc3 a6 6. Be2 Nf6 7. O-O Qc7 8. f4
Be7 9. Kh1 b6 10. Bf3 Bb7 11. e5 Nd5 12. Nxd5 exd5 13. Nf5 O-O 14. exd6 Bxd6
15. Qd4 f6 16. Bxd5+ 1-0

[Event "VI Festival Angelo Palmiotto Magistrale"]
[Site "Bologna ITA"]
[Date "1995.01.??"]
[Round "?"]
[White "Pieri, Filippo"]
[Black "Lagrotteria, Salvatore"]
[Result "1-0"]
[WhiteElo "2230"]
[BlackElo "2180"]
[PlyCount "35"]
[EventDate "1995.01.07"]

1. e4 c5 2. Nf3 Nc6 3. d4 cxd4 4. Nxd4 Nf6 5. Nc3 d6 6. Bc4 e6 7. Be3 Be7 8.
Qe2 Nxd4 9. Bxd4 a6 10. O-O-O Qc7 11. Bb3 e5 12. Be3 O-O 13. Rhg1 b5 14. g4 b4
15. Na4 Be6 16. g5 Bxb3 17. gxf6 Bxa4 18. Rxg7+ 1-0

[Event "VI Festival Angelo Palmiotto Magistrale"]
[Site "Bologna ITA"]
[Date "1995.01.??"]
[Round "?"]
[White "Stornelli, Vincenzo"]
[Black "Fuggetta, Leonardo"]
[Result "1-0"]
[WhiteElo "2185"]
[BlackElo "1930"]
[PlyCount "83"]
[EventDate "1995.01.07"]

1. d4 g6 2. e4 Bg7 3. Nf3 d6 4. h3 c6 5. Be3 Nd7 6. Bd3 Qc7 7. O-O e5 8. c3
Ngf6 9. Nbd2 O-O 10. Re1 Re8 11. Qe2 Nf8 12. Rad1 Be6 13. c4 Rad8 14. d5 Bc8
15. b4 cxd5 16. cxd5 Nh5 17. Rc1 Qb8 18. Rc2 Bd7 19. Rec1 Rc8 20. Nc4 f5 21.
Bd2 Nf6 22. Nh4 fxe4 23. Bxe4 Bb5 24. Qe3 N8d7 25. f3 Rxc4 26. Rxc4 Bxc4 27.
Rxc4 Nb6 28. Rc1 Rc8 29. Qb3 Nh5 30. g4 Nf4 31. Bxf4 exf4 32. Rc2 Rc7 33. Ng2
Be5 34. a4 Qc8 35. a5 Nd7 36. Ne1 Rc3 37. Rxc3 Qxc3 38. Qxc3 Bxc3 39. Nc2 Kg7
40. Kf2 Kf6 41. h4 Ke5 42. Ke2 1-0